00543cam a22002051 4500001001300000003000400013005001700017008004100034010001700075035002000092040003700112042001200149050001600161100001800177245003600195260004300231300001800274650003000292999001500322af 48002939 DLC20260227110859.0890614s1942 ne 000 0 dut c aaf 48002939  a(OCoLC)19869014 aCalifornia. Univ. Libr.cCUdDLC apremarc00aPZ14.3b.K71 aKrekel, Kris.10aKindergedichten voor de school. a[Steenbrugge,bA.-J. Witteryck,c1942] a47 p.c18 cm. 0aChildren's poetry, Dutch. c5319d5319